| 000 | 00716nam a2200277Ia 4500 | ||
|---|---|---|---|
| 005 | 20260320195914.0 | ||
| 008 | 008 262003s9999 xx 000 0 hin d | ||
| 020 | _a9789395737128 | ||
| 037 | _aEBOOK | ||
| 040 | _aCRL | ||
| 040 | _bhin | ||
| 040 | _cCRL | ||
| 041 | _2hin | ||
| 041 | _ahin | ||
| 084 | _qCRL | ||
| 100 |
_aसुनील गंगोपाध्याय, अनु. अमर गोस्वामी _91133505 |
||
| 245 | 0 | _aरानू और भानु | |
| 250 | _a1st | ||
| 260 | _bRajkamal | ||
| 260 | _c2023 | ||
| 300 | _a159 | ||
| 856 | _uhttps://ebook.indiaread.in/pdfs/357_ranu_aur_bhanu.pdf | ||
| 942 | _cEBOOK | ||
| 999 |
_c1717116 _d1717116 |
||